000 00658nam a2200241 i 4500
001 C2-0086012
003 PPAK
005 20180727090805.0
008 970430s1988 my |||| ||||| | may d
040 _aPPAK
_beng
_cPPAK
_erda
082 0 4 _a546
_223
090 0 0 _a546
_bHAR
_dKIH
100 1 _aHarvey, Kenneth B.,
_eauthor
245 1 0 _aPengenalan Kimia Tak Organik Fizik
264 1 _aKuala Lumpur :
_bDewan Bahasa dan Pustaka ,
_c1988
300 _ax, 574 pages ;
_c21 cm
336 _2rdacontent
_atext
337 _2rdamedia
_aunmediated
338 _2rdacarrier
_avolume
650 1 0 _aChemistry, inorganic.
700 _eauthor
942 _ddc
_cB
999 _c17438
_d17438